<?xml version="1.0" encoding="UTF-8"?>
<record
    xmlns:xsi="http://www.w3.org/2001/XMLSchema-instance"
    xsi:schemaLocation="http://www.loc.gov/MARC21/slim http://www.loc.gov/standards/marcxml/schema/MARC21slim.xsd"
    xmlns="http://www.loc.gov/MARC21/slim">

  <leader>02842cam a2200349 i 4500</leader>
  <controlfield tag="001">23231828</controlfield>
  <controlfield tag="005">20250416172023.0</controlfield>
  <controlfield tag="008">230717s2024    enka     b    001 0 eng  </controlfield>
  <datafield tag="010" ind1=" " ind2=" ">
    <subfield code="a">  2023028268</subfield>
  </datafield>
  <datafield tag="020" ind1=" " ind2=" ">
    <subfield code="a">9781032429755</subfield>
  </datafield>
  <datafield tag="020" ind1=" " ind2=" ">
    <subfield code="a">9781032429748</subfield>
  </datafield>
  <datafield tag="020" ind1=" " ind2=" ">
    <subfield code="z">9781003365136</subfield>
  </datafield>
  <datafield tag="041" ind1=" " ind2=" ">
    <subfield code="a">eng</subfield>
  </datafield>
  <datafield tag="042" ind1=" " ind2=" ">
    <subfield code="a">pcc</subfield>
  </datafield>
  <datafield tag="082" ind1="0" ind2="0">
    <subfield code="a">658.8007 BAR</subfield>
  </datafield>
  <datafield tag="100" ind1="1" ind2=" ">
    <subfield code="a">Barkas, Linda Anne</subfield>
  </datafield>
  <datafield tag="245" ind1="1" ind2="0">
    <subfield code="a">Marketing Skills In Practice :Developing A Successful Marketing Career</subfield>
  </datafield>
  <datafield tag="260" ind1=" " ind2=" ">
    <subfield code="a">London</subfield>
    <subfield code="b">Routledge</subfield>
    <subfield code="c">2024</subfield>
  </datafield>
  <datafield tag="264" ind1=" " ind2="1">
    <subfield code="a">London :</subfield>
    <subfield code="a">New York, NY :</subfield>
    <subfield code="b">Routledge, Taylor &amp; Francis Group</subfield>
    <subfield code="c">2024.</subfield>
  </datafield>
  <datafield tag="300" ind1=" " ind2=" ">
    <subfield code="a">157 pages :</subfield>
    <subfield code="b">illustrations ;</subfield>
    <subfield code="c">24 cm</subfield>
  </datafield>
  <datafield tag="336" ind1=" " ind2=" ">
    <subfield code="a">text</subfield>
    <subfield code="b">txt</subfield>
    <subfield code="2">rdacontent</subfield>
  </datafield>
  <datafield tag="337" ind1=" " ind2=" ">
    <subfield code="a">unmediated</subfield>
    <subfield code="b">n</subfield>
    <subfield code="2">rdamedia</subfield>
  </datafield>
  <datafield tag="338" ind1=" " ind2=" ">
    <subfield code="a">volume</subfield>
    <subfield code="b">nc</subfield>
    <subfield code="2">rdacarrier</subfield>
  </datafield>
  <datafield tag="504" ind1=" " ind2=" ">
    <subfield code="a">Includes bibliographical references and index.</subfield>
  </datafield>
  <datafield tag="520" ind1=" " ind2=" ">
    <subfield code="a">"Based around research into marketing education and marketing practice, Marketing Skills in Practice: Developing a Successful Marketing Career helps students embarking on their career to develop their professional identity, as well as the key skills required by employers in the industry. Divided into four core sections, the book begins with an overview of the field of marketing. Section two shows students how to relate practice to their own transferable skills, while section three gives students the opportunity to consider how they lead, develop, and manage within marketing. Section four provides students with the opportunity to reflect on their own learning and identify what knowledge and skills they have enhanced for their future careers. Fundamentally, the book identifies the key skills required in the marketing industry whilst also addressing the challenge of developing a career in leading and managing in a marketing context. Theoretical aspects are applied through real-life cases, practical examples and a themed case study, coupled with tasks that allow students to test and apply their knowledge to a workplace scenario, all of which are adaptable for hybrid teaching methods. Unique in its focus on employability, this text is suitable for all marketing students embarking on a career in the field, and particularly as core reading for any modules based on Marketing in Practice and Professional Development. Online resources include PowerPoint slides for lecturers and an instructor's manual, which includes lesson plans, tasks, suggested answers, and a test bank with answers"--</subfield>
  </datafield>
  <datafield tag="650" ind1=" " ind2="0">
    <subfield code="a">Marketing</subfield>
  </datafield>
  <datafield tag="700" ind1="1" ind2=" ">
    <subfield code="a">Dixon-Todd, Yvonne,</subfield>
  </datafield>
  <datafield tag="776" ind1="0" ind2="8">
    <subfield code="i">Online version:</subfield>
    <subfield code="a">Barkas, Linda.</subfield>
    <subfield code="t">Marketing skills in practice</subfield>
    <subfield code="b">First edition.</subfield>
    <subfield code="d">New York, NY : Routledge, 2024</subfield>
    <subfield code="z">9781003365136</subfield>
    <subfield code="w">(DLC) 2023028269</subfield>
  </datafield>
  <datafield tag="906" ind1=" " ind2=" ">
    <subfield code="a">7</subfield>
    <subfield code="b">cbc</subfield>
    <subfield code="c">orignew</subfield>
    <subfield code="d">1</subfield>
    <subfield code="e">ecip</subfield>
    <subfield code="f">20</subfield>
    <subfield code="g">y-gencatlg</subfield>
  </datafield>
  <datafield tag="942" ind1=" " ind2=" ">
    <subfield code="c">BK</subfield>
  </datafield>
  <datafield tag="999" ind1=" " ind2=" ">
    <subfield code="c">43461</subfield>
    <subfield code="d">43461</subfield>
  </datafield>
  <datafield tag="952" ind1=" " ind2=" ">
    <subfield code="0">0</subfield>
    <subfield code="1">0</subfield>
    <subfield code="2">ddc</subfield>
    <subfield code="4">0</subfield>
    <subfield code="7">0</subfield>
    <subfield code="a">IMTN</subfield>
    <subfield code="b">IMTN</subfield>
    <subfield code="c">Rack 36-A</subfield>
    <subfield code="d">2025-03-26</subfield>
    <subfield code="e">Raghav Books Private Limited</subfield>
    <subfield code="g">4450.89</subfield>
    <subfield code="i">2374</subfield>
    <subfield code="l">1</subfield>
    <subfield code="o">658.8007 BAR</subfield>
    <subfield code="p">33904</subfield>
    <subfield code="r">2025-07-16 00:00:00</subfield>
    <subfield code="s">2025-07-02</subfield>
    <subfield code="t">33</subfield>
    <subfield code="w">2025-02-14</subfield>
    <subfield code="y">BK</subfield>
    <subfield code="z">Sejal Megotia (2024176)</subfield>
  </datafield>
</record>
